Modelaje de muros de mampostería con elementos monolíticos de borde mediante el método del elemento finito
Gardado en:
| Autor Principal: | |
|---|---|
| Formato: | Tesis Libro |
| Publicado: |
[San José], Costa Rica
2011
|
| Materias: | |
| Etiquetas: |
Engadir etiqueta
Sen Etiquetas, Sexa o primeiro en etiquetar este rexistro!
|
MARC
| LEADER | 00000nam a2200000Ia 4500 | ||
|---|---|---|---|
| 003 | 010247 | ||
| 005 | 20221231144031.0 | ||
| 008 | 140114s2011 cr a 000 ||s d | ||
| 040 | |c cru CEDI | ||
| 090 | |a TFG 6301 | ||
| 100 | |a Hernández Ramírez, Fabio |9 2725 | ||
| 245 | |a Modelaje de muros de mampostería con elementos monolíticos de borde mediante el método del elemento finito | ||
| 260 | |c 2011 |b [San José], Costa Rica | ||
| 500 | |a Proyecto de graduación (licenciatura en ingeniería civil)--Universidad de Costa Rica. Facultad de Ingeniería. Escuela de Ingeniería Civil | ||
| 502 | |a Escuela de ingenieria Civil | ||
| 650 | |x MAMPOSTERIA |x METODO DE ELEMENTOS FINITOS |x ANALISIS ESTRUCTURAL (INGENIERIA) |x ESFUERZO Y TENSION |x RESISTENCIA DE MATERIALES |9 2726 | ||
| 942 | |c TFG | ||
| 999 | |c 15903 |d 15903 | ||
